| 000 | 00333nam a2200109 4500 | ||
|---|---|---|---|
| 999 |
_c14034 _d14034 |
||
| 008 | 190730b ||||| |||| 00| 0 eng d | ||
| 245 |
_aTips to survive the flu season: _bPrevention is always better than cure. |
||
| 260 |
_aPhilippines: _bManila Bulletin; _cc2019. |
||
| 300 | _apage C-3. | ||
| 650 | 0 |
_939028 _aHealth. |
|
| 942 |
_2ddc _cPER |
||